Counting the cost of conversions (Record no. 79502)

MARC details
000 -LEADER
fixed length control field 01097cab a22002055a 4500
001 - CONTROL NUMBER
control field L141474
008 - FIXED-LENGTH DATA ELEMENTS--GENERAL INFORMATION
fixed length control field 071127e20071027xxk f 000 0 eng d
035 ## - SYSTEM CONTROL NUMBER
System control number (Sirsi) u141474
041 0# - LANGUAGE CODE
Language code of text/sound track or separate title eng
100 1# - MAIN ENTRY--PERSONAL NAME
Personal name Edwards, Simon
245 00 - TITLE STATEMENT
Title Counting the cost of conversions
260 ## - PUBLICATION, DISTRIBUTION, ETC.
Date of publication, distribution, etc. 2007
490 #0 - SERIES STATEMENT
Series statement Estates Gazette
Volume/sequential designation (0743) 27 October 2007, 195(1)
520 ## - SUMMARY, ETC.
Summary, etc. With many 1970s and 1980s office buildings now obsolete and a growing trend for these to be converted into hotel or residential premises, this article considers how this affects a tenant's liability. The combination of obsolescence and a shift in values has affected the exit costs of former tenants. Looks at the principle of supersession in cases where a landlord confirms the premises will be converted to an alternative use, and explains how tenants can rely on the Landlord and Tenant Act 1927 s18 to have their liability substantially reduced.
590 ## - LOCAL NOTE (RLIN)
Local note KA
650 24 - SUBJECT ADDED ENTRY--TOPICAL TERM
Topical term or geographic name entry element LANDLORD AND TENANT ACT 1927 S18
651 #4 - SUBJECT ADDED ENTRY--GEOGRAPHIC NAME
Geographic name England and Wales
Chronological subdivision 1543-
690 ## - LOCAL SUBJECT ADDED ENTRY--TOPICAL TERM (OCLC, RLIN)
Topical term or geographic name as entry element PROPERTY-LANDLORD AND TENANT-DILAPIDATIONS
942 ## - ADDED ENTRY ELEMENTS (KOHA)
Suppress in OPAC 0
Holdings
Withdrawn status Lost status Source of classification or shelving scheme Damaged status Not for loan Home library Current library Shelving location Date acquired Total Checkouts Full call number Barcode Date last seen Copy number Price effective from Koha item type
    Dewey Decimal Classification     London London Journal article 27/11/2007   L141474 141474-1001 06/08/2019 1 06/08/2019 Journal article